Statystyki dla Cesarze Bizancjum

Kliknij tutaj aby rozwiązać quiz!

Ogólne statystyki

  • Ten quiz został rozwiązany 144 razy
  • Średni wynik to 55 z 87

Statystyki odpowiedzi

Okres panowaniaCesarzDynastia% Poprawnych
518-527Justyn IJustyniańska
98%
565-578Justyn IIJustyniańska
98%
527-565Justynian IJustyniańska
95%
685-695,705-711Justynian IIheraklijska
95%
641Konstantyn IIIheraklijska
88%
668-685Konstantyn IVheraklijska
88%
1042-1050?Konstantyn IXmacedońska
88%
741-775Konstantyn VIzauryjska
88%
780-797Konstantyn VIIzauryjska
88%
913-959Konstantyn VIImacedońska
88%
1025-1028Konstantyn VIIImacedońska
88%
1059-1067Konstantyn Xdukasów
88%
1448-1453Konstantyn XIpaleologów
88%
578-582Tyberiusz II KonstantynJustyniańska
88%
457-474Leon Ileońska
86%
473-474Leon IIleońska
86%
717-741Leon IIIIzauryjska
86%
775-780Leon IVIzauryjska
86%
813-820Leon VBrak
86%
886-912Leon VImacedońska
86%
408-450Teodozjusz IITeodozjańska
83%
716-717Teodozjusz IIIBrak
83%
969-976Jan Imacedońska
80%
1118-1143Jan IIKomnenów
80%
1222-1254Jan IIILaskarysów
80%
1258-1261Jan IVLaskarysów
80%
1341-1347,1355-1376,
1379-1390,1390-1391
Jan Vpaleologów
80%
1347-1354Jan VIKantakuzenów
80%
1390Jan VIIpaleologów
80%
1425-1448Jan VIIIpaleologów
80%
867-886Bazyli Imacedońska
78%
976-1025Bazyli IImacedońska
78%
802-811Nicefor Iniceforów
71%
963-969Nicefor IImacedońska
71%
1078-1081Nicefor IIIdukasów
71%
1081-1118Aleksy IKomnenów
69%
1180-1183Aleksy IIKomnenów
69%
1195-1203Aleksy IIIangelosów
69%
1203-1204Aleksy IVangelosów
69%
1204Aleksy Vangelosów
69%
610-641Herakliuszheraklijska
69%
1204-1222Teodor ILaskarysów
68%
1254-1258Teodor IILaskarysów
68%
811-813Michał Iniceforów
65%
820-829Michał IIAmoryjska
65%
842-867Michał IIIAmoryjska
65%
1034-1041Michał IVmacedońska
65%
1041-1042Michał Vmacedońska
65%
1056-1057Michał VImacedońska
65%
1071-1078Michał VIIdukasów
65%
1261-1282Michał VIIIpaleologów
65%
377-408ArkadiuszTeodozjańska
62%
602-610FokasBrak
62%
919-944Roman Imacedońska
57%
959-963Roman IImacedońska
57%
1028-1034Roman IIImacedońska
57%
1068-1071Roman IVdukasów
57%
474-475,476-491Zenonleońska
57%
1143-1180Manuel IKomnenów
55%
1391-1425Manuel IIpaleologów
55%
491-518Anastazjusz Ileońska
52%
713-716Anastazjusz IIBrak
52%
1057-1059Izaak IKomnenów
52%
1185-1195,1203-1204Izaak IIangelosów
52%
797-802IrenaIzauryjska
51%
582-602MaurycjuszJustyniańska
51%
1055-1056Teodoramacedońska
51%
912-913Aleksander Imacedońska
48%
698-705Tyberiusz IIIBrak
45%
706-711Tyberiusz IVheraklijska
45%
1042Zoemacedońska
45%
1183-1185Andronik IKomnenów
42%
1282-1328Andronik IIpaleologów
42%
1328-1341Andronik IIIpaleologów
42%
1376-1379Andronik IVpaleologów
42%
641-668Konstans IIheraklijska
42%
450-457MarcjanTeodozjańska
34%
484-488 (uzurpator)Leoncjuszleońska
32%
695-698Leoncjusz IIBrak
32%
829-842TeofilAmoryjska
32%
475-476 (uzurpator)Bazyliskusleońska
23%
811Staurakiosniceforów
22%
711-713FilipikosBrak
20%
641Herakleonasheraklijska
14%
474 (uzurpator)Marcianleońska
14%
475-476Marcusleońska
14%
1067-1068,1071Eudoksjadukasów
12%

Rozkład punktacji

Percentyl według liczby udzielonych odpowiedzi

Procent ludzi z każdym wynikiem

Twoja historia wyników

Nie rozwiązałeś tego quizu